Capital cities beginning with C - Statistics

General Stats
  • This quiz has been taken 151 times
  • The average score is 6 of 8
Answer Stats
Answer % Correct
Copenhagen
85%
Caracas
79%
Cairo
77%
Canberra
77%
Chisinău
77%
Cape Town
69%
Castries
68%
Conakry
64%
No matching quizzes found
Score Distribution
Percent of People with Each Score
Percentile by Number Answered
Your Score History
You have not taken this quiz